Countries Without the Letter “A” - Statistics

General Stats
  • This quiz has been taken 45 times
    23 since last reset
  • The average score is 17 of 29
Answer Stats
Answer % Correct
Chile
82%
Comoros
82%
Peru
82%
Belgium
73%
Belize
73%
Djibouti
73%
Luxembourg
73%
Mexico
73%
Morocco
73%
Seychelles
73%
Sweden
73%
Benin
64%
Egypt
64%
Fiji
64%
Greece
64%
Yemen
64%
Brunei
55%
Burundi
55%
Lesotho
55%
Togo
55%
Turkey
55%
Cyprus
45%
Liechtenstein
45%
Niger
45%
Czech Republic
36%
Montenegro
36%
Philippines
36%
United Kingdom
36%
Republic of the Congo
27%
No matching quizzes found
Score Distribution
Percent of People with Each Score
Percentile by Number Answered
Your Score History
You have not taken this quiz since the last reset